Živá voda /

Hlavní autor: Lispector, Clarice, 1920-1977
Další autoři: Lidmilová, Pavla, 1932-2019
Jazyk: Čeština
Vydáno: Praha : Aurora, 2000
Vydání: Vyd. 1.
Témata:
Externí odkaz: Digitalizovaný dokument
Fyzický popis: 94 s. ; 21 cm
Knihy
Uloženo v:
LEADER 01135nam a2200313 a 4500
001 000544412
003 CZ BrMZK
005 20090226141303.0
007 ta
008 000115s2000 xr cze d
015 |a cnb000982444 
020 |a 80-7299-003-9 
035 |a (OCoLC)85010979 
040 |a BOA001  |b cze 
072 7 |a 821.134.3  |x Portugalská literatura, portugalsky psaná  |2 Konspekt  |9 25 
080 |a 821.134.3(81)-32  |2 MRF 
080 |a (0:82-32)  |2 MRF 
100 1 |a Lispector, Clarice,  |d 1920-1977  |7 jo20000071113 
245 1 0 |a Živá voda /  |c Clarice Lispectorová ; [z portugalštiny přeložila Pavla Lidmilová] 
250 |a Vyd. 1. 
260 |a Praha :  |b Aurora,  |c 2000 
300 |a 94 s. ;  |c 21 cm 
655 7 |a brazilské povídky  |7 fd183278  |2 czenas 
700 1 |a Lidmilová, Pavla,  |d 1932-2019  |7 jk01072082 
765 0 |t Água viva 
856 4 1 |u http://www.digitalniknihovna.cz/mzk/uuid/uuid:a31359d0-3342-11e4-8e0d-005056827e51  |y Digitalizovaný dokument  |x NDK 
910 |a BOA001  |b 2-1080.398 
990 |a BK 
996 6 |b 2610126827  |c 2-1080.398  |l MZK  |r Sklad / do 1 hodiny  |n 3  |p p.v.  |w 000544412  |u 000010  |a 1  |e BOA001  |j MZK50  |s P